1151 1571 1022 1486 1390 1795 1936 1180 1671 1936 1017 1025 1381 1038 1695 1366 1488 1573 1854 1304 1366 1706 1225 1880 1891 1849 1243 1810 1456 1297 1807 1997 1601 1805 1628 1699 1208 1296 1290 1329 1992 1090 1052 1860 1749 1659 1821 1850 1223 1877 1765 1846 1979 1405 1318 1451 1913 1545 1440 1473 1561 1745 1786 1803 1249 1862 1254 1986 1849 1502 1125 1477 1493 1003 1426 1123 1608 1369 1462 1404 1852 1725 1973 1338 1101 1988 1794 1266 1486 1220 1746 1900 1211 1748 1440 1383 1416 1397 1819 BCNSPRNW ULIB Ver.6.0+V

เปลี่ยนเป็นภาษาไทย

Change to English
 แสดงรายละเอียดบรรณานุกรม
  กลับหน้าหลัก

Brief Record : Get Marc (ISO 2709) : E-mail record : QR code < ปิดหน้าต่าง
LEADER : 00000nam 2200000uu 4500
001    13399108924
003     ULIB
008    110316s2542||||th 000 0 tha d
060  4 WA3^bพ361ต 2542
110 1  กระทรวงสาธารณสุข^bโครงการสวัสดิการวิชาการ สถาบันพระบรมราชชนก
245 00 สาระพัฒน์5 เตรียมสู่อนาคต/^cทิพาพร สุโฆสิต,บรรณาธิการ
260    นนทบุรี:^bสถาบันพระบรมราชชนก,^c2542
300    66 หน้า
650  7 การพัฒนาบุคลากร
700 0  ทิพาพร สุโฆสิต,^eบรรณาธิการ
945    ^p0^l0^i014330
945    ^p0^l0^i014329
945    ^p0^l0^i014328
945    ^p0^l0^i014327
945    ^p0^l0^i019477
995    ทศพร
999 ^a ใช้งานได้ทุกระบบ
รายการนี้ยังไม่มีแท็ก
คุณยังไม่ได้ล็อกอิน คุณสามารถมีกิจกรรมร่วมกับเว็บไซต์ได้ แต่ต้องล็อกอินก่อน ::
  ล็อกอิน

รายการสื่อสารสนเทศ

ลำดับที่ ประเภท เลขเรียก/บาร์โค้ด สถานที่ สถานะ
- ไม่พบข้อมูล -

รายการใกล้เคียง
    หัวเรื่อง [การพัฒนาบุคลากร]

BibComment


ยังไม่เคยถูกคอมเมนท์

คอมเมนท์ทรัพยากรรายการนี้
  คอมเมนท์: สาระพัฒน์5 เตรียม..


 Copyright 2026. Bcnsprnw @Library